ბათუმის შოთა რუსთაველის სახელმწიფო უნივერსიტეტის ბიბლიოთეკა

Практические задачи генетики в сельском хозяйстве (ბიბ.ჩანაწერი № 45557)

000 -LEADER
fixed length control field 00594nam a2200193Ia 4500
001 - CONTROL NUMBER
control field 12383
003 - CONTROL NUMBER IDENTIFIER
control field GE_BSU
008 - FIXED-LENGTH DATA ELEMENTS--GENERAL INFORMATION
fixed length control field 181216s||||||||xx |||||||||||||| ||und||
040 ## - CATALOGING SOURCE
Transcribing agency GE_BSU
080 ## - UNIVERSAL DECIMAL CLASSIFICATION NUMBER
Universal Decimal Classification number 579.2(076.1)+63
245 ## - TITLE STATEMENT
Title Практические задачи генетики в сельском хозяйстве
245 ## - TITLE STATEMENT
Statement of responsibility, etc. Ред.Н.П.Мокеева
260 ## - PUBLICATION, DISTRIBUTION, ETC.
Place of publication, distribution, etc. Москва
260 ## - PUBLICATION, DISTRIBUTION, ETC.
Name of publisher, distributor, etc. Наука
260 ## - PUBLICATION, DISTRIBUTION, ETC.
Date of publication, distribution, etc. 1971
300 ## - PHYSICAL DESCRIPTION
Extent 377стр.22см.
653 ## - INDEX TERM--UNCONTROLLED
Uncontrolled term Практические задачи генетики в сельском хозяйстве
942 ## - ADDED ENTRY ELEMENTS (KOHA)
Koha item type წიგნი
ეგზემპლარები
Withdrawn status Lost status Damaged status Not for loan Date acquired Barcode Date last seen Price effective from Koha item type
        2018-12-17 20433 2018-12-17 2018-12-17 წიგნი